000 00471nam a22001817a 4500
003 CEME
005 20210628203630.0
008 210317b xxu||||| |||| 00| 0 eng d
020 _a0-13-590266-5
040 _c.
082 _a621.31242 MOD'T
100 _aTuck, C. D. S
_966636
245 _aModern battery technology
260 _aNEWYORK
_bELLIS HORWOOD
_c1991
300 _a579P
650 _aELECTRIC BATTERIES DESIGN AND CONSTRUCTION
_966637
942 _cBK
_2ddc
999 _c574573
_d574573